Особливості спілкування на робочому місці. (Запис № 282592)

МАРК-запис
000 -LEADER
fixed length control field 01383nam a22001577a 4500
041 ## - LANGUAGE CODE
Language code of text/sound track or separate title ukr
080 ## - UNIVERSAL DECIMAL CLASSIFICATION NUMBER
Universal Decimal Classification number 09
090 ## - LOCALLY ASSIGNED LC-TYPE CALL NUMBER (OCLC); LOCAL CALL NUMBER (OCLC)
Local cutter number (OCLC) ; Book number/undivided call number, CALL (RLIN) НЕТ
100 ## - MAIN ENTRY--PERSONAL NAME
Personal name Нетепчук О. В.
245 ## - TITLE STATEMENT
Title Особливості спілкування на робочому місці.
260 ## - PUBLICATION, DISTRIBUTION, ETC. (IMPRINT)
Place of publication, distribution, etc Острог
Name of publisher, distributor, etc КАФ
Date of publication, distribution, etc 2004
300 ## - PHYSICAL DESCRIPTION
Extent 37
520 ## - SUMMARY, ETC.
Summary, etc Розділ 1. Комунікація засіб обміну інформацією.<br/>1.1. Діалог основа спілкування роботодавця з робітником.<br/>1.2. Моделі організаційної поведінки.<br/>1.3. Сфера комунікації.<br/>1.4. Вплив стереотипів на спілкування між співробітниками.<br/>Розділ 2. Щляхи вдосконалення спілкування роботодавця з працівником.<br/>2.1. Основні складові системи розвитку комунікацій між співробітниками.<br/>2.2. Аналіз процесу спілкування робітників з керівником у фірмі "Електролюкс".<br/>Розділ 3. Робота в команді.<br/>3.1. Ролі в команді.<br/>3.2. Типи звязку в команді.
-- Комунікація, інформація, спілкування
650 ## - SUBJECT ADDED ENTRY--TOPICAL TERM
Topical term or geographic name as entry element Research Papers
942 ## - ADDED ENTRY ELEMENTS (KOHA)
Koha item type Книги
Фонди
Withdrawn status Lost status Source of classification or shelving scheme Damaged status Not for loan Home library Current library Date acquired Source of acquisition Coded location qualifier Cost, normal purchase price Total Checkouts Full call number Barcode Date last seen Price effective from Koha item type
    Universal Decimal Classification     ВІЛ - Відділ іноземн. літератури НБ ВІЛ - Відділ іноземн. літератури НБ 08/08/2005 Акт В12 1.00   09 210154 20/12/2021 16/12/2004 Книги